Συστήματα παραγωγής : θεωρία και πράξη
Αποθηκεύτηκε σε:
| Κύριος συγγραφέας: | |
|---|---|
| Μορφή: | Βιβλίο |
| Γλώσσα: | Greek |
| Δημοσίευση: |
Πάτρα :
Τμήμα Εκτυπώσεων - Τυπογραφείου Πανεπιστημίου Πατρών,
2005
|
| Θέματα: | |
| Ετικέτες: |
Προσθήκη ετικέτας
Δεν υπάρχουν, Καταχωρήστε ετικέτα πρώτοι!
|
MARC
| LEADER | 00000cam a2200000 i 4500 | ||
|---|---|---|---|
| 001 | 1/16248 | ||
| 008 | 111104s2005 gre d | ||
| 035 | |l 10111286 | ||
| 040 | |a GR-MY-UA |b gre |e aacr | ||
| 041 | 0 | |a gre | |
| 082 | 0 | |a 670.427 |2 (22) | |
| 100 | 1 | |a Χρυσολούρης, Γεώργιος. | |
| 245 | 1 | 0 | |a Συστήματα παραγωγής : |b θεωρία και πράξη / |c Γεώργιος Χρυσολούρης |
| 260 | |a Πάτρα : |b Τμήμα Εκτυπώσεων - Τυπογραφείου Πανεπιστημίου Πατρών, |c 2005 | ||
| 300 | |a 224 σ.; |b εικ.; |c 25 εκ. | ||
| 504 | |a Περιλαμβάνει βιβλιογραφίες | ||
| 650 | 0 | 0 | |a Flexible manufacturing systems. |
| 650 | 0 | 0 | |a CAD/CAM systems. |
| 650 | 0 | 0 | |a Production planning |x Automation. |
| 852 | |a INST |b SYROS |e 20111104 |h 670.427 ΧΡΥ |p 005500008354 |q 005500008354 |t BK |y 0 | ||
| 852 | |a INST |b SYROS |e 20111104 |h 670.427 ΧΡΥ |p 005500008357 |q 005500008357 |t BK |y 0 | ||
| 901 | |a BIBL5-2011-2 | ||
| 909 | |a Ε |b 154786 | ||
| 909 | |a Ε |b 154787 | ||
| 970 | |a ΚΟΝΤΟΥ |b ΠΑΡΑΣΚΕΥΗ |z 2011/11/04 | ||